The craft & art of bamboo : 30 elegant projects to make for home and garden

Bibliographic Details
Main Author: Stangler, Carol , 1946-
Format: Book
Published: New York : Lark Books , c2001.
Edition:1st ed.
Subjects:

MARC

LEADER 00000cam a2200000 7i4500
001 0000003485
005 20060403.0
020 0 0 |a 1579901913 
090 0 0 |a 745.51   |b STA 
100 1 0 |a Stangler, Carol ,   |d 1946- 
245 1 0 |a The craft & art of bamboo :   |b 30 elegant projects to make for home and garden   |c Carol Stangler. 
250 0 0 |a 1st ed. 
260 0 0 |a New York :   |b Lark Books ,   |c c2001. 
300 |a 159 p. :   |b col. ill. ;   |c 26 cm. 
650 0 0 |a Bamboo construction. 
650 0 0 |a Bamboo furniture 
650 0 0 |a Bamboo work. 
999 |a 0000006775   |b Monograph   |c Open Shelf   |e Default branch